| 000 | 00684nam a2200229 u 4500 | ||
|---|---|---|---|
| 005 | 20240806064039.0 | ||
| 008 | 160413s2000 es r 000 0 spa d | ||
| 020 | _a8426449557 | ||
| 035 | _aUPN01000209463 | ||
| 049 | _aCG | ||
| 050 | 4 |
_aPS3551 N4.6 _bE5.2 |
|
| 100 | 1 |
_aAngelou, Maya, _d1928-2014 _938762 |
|
| 245 | 1 | 0 |
_aEncontraos en mi nombre / _cMaya Angelou ; tr. Néstor Busquets. |
| 260 |
_aBarcelona, Esp. : _bLumen, _c2000. |
||
| 300 | _a299 p. | ||
| 440 | 0 | _aFemenino Lumen | |
| 534 |
_pTítulo original: _tGather together in my name |
||
| 650 | 4 |
_aNovela estadounidense _94462 |
|
| 650 | 4 |
_aLiteratura estadounidense _95229 |
|
| 905 | _aLibro | ||
| 999 |
_c181564 _d181564 |
||